000 00547nam a2200181Ia 4500
003 GCL
008 140319s9999 xx 000 0 eng d
040 _aGCL /
_cGCL
082 0 4 _a629.73007
_bS M
100 1 _aSTRICKLER, MARVIN K
245 1 0 _aA MODEL AEROSPACE CURRICULUIM: BASED ON AUGUST MARTIN HIGH SCHOOL /
_cSTRICKLER, MARVIN K
260 _a[S.N] :
_bU.S DEPARTMENT OF TRANSPORTATION
300 _a56 P
650 0 4 _aAVIATION
650 0 4 _aAERONAUTICS - UNITED STATES
650 0 4 _aAERONAUTICS - STUDY AND TEACHING
942 _2ddc
_cBK
999 _c15413
_d15413